000 00350nam a22001217a 4500
082 _a657
_bOSW/A
100 _aOSWAAL
245 _aACCOUNTANCY-OSWAAL CBSE QUESTION BANK XII
246 _aACCOUNTANCY-OSWAAL CBSE QUESTION BANK XII
_bACCOUNTANCY-OSWAAL CBSE QUESTION BANK XII
260 _aINDIA
_bOSWAAL PUBLICATIONS
_c2023
300 _a302
942 _cBK
999 _c8530
_d8530